00528nam a2200181 a 450000100060000000300090000600800410001502000180005604000280007408200200010210000250012224500650014726000320021230000100024449000360025465000310029065000250032123970CO-ViMGA141112s2004 ck r 000 u spa d a9789583022438 aCO-ViMGAbspacCO-ViMGA04a784.4986 O215f11 aOcampo Lopez, Javier10aLas fiestas y el folclor en colombia / cJavier Ocampo Lopez aColombia : bpanAméricana a276p. aBiblioteca de temas colombianos14a2 : FESTIVALES - COLOMBIA 14aFOLCLOR COLOMBIANO